Les noms d'oiseaux par lettres -K - Statistiques

Statistiques générales
  • Ce quiz a été pris 62 fois
  • Le résultat moyen est 3 sur 10
Statistiques - réponses
Par images Réponse % Correct
Kiwi
100%
Kakapo
67%
Kéa
57%
Kagou
50%
Kamichi
43%
Kétoupa
7%
Kioéa
2%
Katje
0%
Kiritika
0%
Konichon
0%
Aucun quiz correspondant
Distribution des résultats
% des personnes avec chaque résultat
Percentile par nombre de réponses
Votre historique - résultats
Vous n’avez pas pris ce quiz